000 00346nam a2200133Ia 4500
008 220217s9999||||xx |||||||||||||| ||und||
020 _a0-07-451853-4
082 _a621.381 RAM
100 _aRamanan, K.V
_92005
245 0 _afuctional electronics
260 _aTata mcgraw hill
_bNew Delhi
_c2002
300 _b190
650 _aELECTRONICS
999 _c170034
_d170034